Water waste water testing (Record no. 6126)
[ view plain ]
| 000 -LEADER | |
|---|---|
| fixed length control field | 00401nam a2200169Ia 4500 |
| 008 - FIXED-LENGTH DATA ELEMENTS--GENERAL INFORMATION | |
| fixed length control field | 230711s9999||||xx |||||||||||||| ||und|| |
| 020 ## - INTERNATIONAL STANDARD BOOK NUMBER | |
| International Standard Book Number | 81-85240-80-9 |
| 041 ## - LANGUAGE CODE | |
| Language code of text/sound track or separate title | ENG |
| 082 ## - DEWEY DECIMAL CLASSIFICATION NUMBER | |
| Classification number | 628.1 |
| Item number | MA-W |
| 100 ## - MAIN ENTRY--PERSONAL NAME | |
| Personal name | Mathur,R.P |
| 245 #0 - TITLE STATEMENT | |
| Title | Water waste water testing |
| 250 ## - EDITION STATEMENT | |
| Edition statement | 4th Ed. |
| 260 ## - PUBLICATION, DISTRIBUTION, ETC. | |
| Date of publication, distribution, etc. | 2005 |
| Place of publication, distribution, etc. | New Delhi |
| Name of publisher, distributor, etc. | Nem Chand & Bros |
| 300 ## - PHYSICAL DESCRIPTION | |
| Extent | 55p. |
| 650 ## - SUBJECT ADDED ENTRY--TOPICAL TERM | |
| Topical term or geographic name entry element | Civil Engineering |
| 942 ## - ADDED ENTRY ELEMENTS (KOHA) | |
| Koha item type | Book |
| Withdrawn status | Lost status | Damaged status | Not for loan | Collection | Home library | Current library | Date acquired | Cost, normal purchase price | Inventory number | Total checkouts | Full call number | Barcode | Date last seen | Price effective from | Koha item type | Date last checked out |
|---|---|---|---|---|---|---|---|---|---|---|---|---|---|---|---|---|
| MRSPTU Central Library | MRSPTU Central Library | 40.00 | KBD/2016-2017/960342808 | 628.1 MA-W | 33886 | 08/17/2023 | 08/17/2023 | Book | ||||||||
| MRSPTU Central Library | MRSPTU Central Library | 40.00 | KBD/2016-2017/960342808 | 628.1 MA-W | 33887 | 08/17/2023 | 08/17/2023 | Book | ||||||||
| MRSPTU Central Library | MRSPTU Central Library | 40.00 | KBD/2016-2017/960342808 | 628.1 MA-W | 33888 | 08/17/2023 | 08/17/2023 | Book | ||||||||
| MRSPTU Central Library | MRSPTU Central Library | 40.00 | KBD/2016-2017/960342808 | 628.1 MA-W | 33889 | 08/17/2023 | 08/17/2023 | Book | ||||||||
| MRSPTU Central Library | MRSPTU Central Library | 40.00 | KBD/2016-2017/960342808 | 628.1 MA-W | 33890 | 08/17/2023 | 08/17/2023 | Book | ||||||||
| MRSPTU Central Library | MRSPTU Central Library | 40.00 | KBD/2016-2017/960342808 | 628.1 MA-W | 33891 | 08/17/2023 | 08/17/2023 | Book | ||||||||
| MRSPTU Central Library | MRSPTU Central Library | 40.00 | KBD/2016-2017/960342808 | 628.1 MA-W | 33892 | 08/17/2023 | 08/17/2023 | Book | ||||||||
| MRSPTU Central Library | MRSPTU Central Library | 40.00 | KBD/2016-2017/960342808 | 628.1 MA-W | 33893 | 08/17/2023 | 08/17/2023 | Book | ||||||||
| MRSPTU Central Library | MRSPTU Central Library | 40.00 | KBD/2016-2017/960342808 | 628.1 MA-W | 33894 | 08/17/2023 | 08/17/2023 | Book | ||||||||
| MRSPTU Central Library | MRSPTU Central Library | 40.00 | KBD/2016-2017/960342808 | 628.1 MA-W | 33895 | 08/17/2023 | 08/17/2023 | Book | ||||||||
| MRSPTU Central Library | MRSPTU Central Library | 40.00 | KBD/2016-2017/960342808 | 628.1 MA-W | 33896 | 08/17/2023 | 08/17/2023 | Book | ||||||||
| MRSPTU Central Library | MRSPTU Central Library | 40.00 | KBD/2016-2017/960342808 | 628.1 MA-W | 33897 | 08/17/2023 | 08/17/2023 | Book | ||||||||
| MRSPTU Central Library | MRSPTU Central Library | 40.00 | KBD/2016-2017/960342808 | 1 | 628.1 MA-W | 33898 | 09/19/2024 | 08/17/2023 | Book | 08/22/2024 | ||||||
| MRSPTU Central Library | MRSPTU Central Library | 40.00 | KBD/2016-2017/960342808 | 628.1 MA-W | 33899 | 08/17/2023 | 08/17/2023 | Book | ||||||||
| MRSPTU Central Library | MRSPTU Central Library | 40.00 | KBD/2016-2017/960342808 | 628.1 MA-W | 33900 | 08/17/2023 | 08/17/2023 | Book | ||||||||
| MRSPTU Central Library | MRSPTU Central Library | 40.00 | KBD/2016-2017/960342808 | 628.1 MA-W | 33901 | 08/17/2023 | 08/17/2023 | Book | ||||||||
| MRSPTU Central Library | MRSPTU Central Library | 40.00 | KBD/2016-2017/960342808 | 628.1 MA-W | 33902 | 08/17/2023 | 08/17/2023 | Book | ||||||||
| MRSPTU Central Library | MRSPTU Central Library | 40.00 | KBD/2016-2017/960342808 | 628.1 MA-W | 33903 | 08/17/2023 | 08/17/2023 | Book | ||||||||
| MRSPTU Central Library | MRSPTU Central Library | 40.00 | KBD/2016-2017/960342808 | 628.1 MA-W | 33904 | 08/17/2023 | 08/17/2023 | Book | ||||||||
| MRSPTU Central Library | MRSPTU Central Library | 40.00 | KBD/2016-2017/960342808 | 628.1 MA-W | 33905 | 08/17/2023 | 08/17/2023 | Book | ||||||||
| MRSPTU Central Library | MRSPTU Central Library | 40.00 | KBD/2016-2017/960342808 | 628.1 MA-W | 33906 | 09/04/2023 | 08/17/2023 | Book | ||||||||
| MRSPTU Central Library | MRSPTU Central Library | 40.00 | KBD/2016-2017/960342808 | 628.1 MA-W | 33907 | 08/17/2023 | 08/17/2023 | Book | ||||||||
| MRSPTU Central Library | MRSPTU Central Library | 40.00 | KBD/2016-2017/960342808 | 628.1 MA-W | 33908 | 08/17/2023 | 08/17/2023 | Book | ||||||||
| MRSPTU Central Library | MRSPTU Central Library | 40.00 | KBD/2016-2017/960342808 | 628.1 MA-W | 33909 | 08/17/2023 | 08/17/2023 | Book | ||||||||
| MRSPTU Central Library | MRSPTU Central Library | 40.00 | KBD/2016-2017/960342808 | 628.1 MA-W | 33910 | 08/17/2023 | 08/17/2023 | Book | ||||||||
| MRSPTU Central Library | MRSPTU Central Library | 40.00 | KBD/2016-2017/960342808 | 628.1 MA-W | 33911 | 08/17/2023 | 08/17/2023 | Book | ||||||||
| MRSPTU Central Library | MRSPTU Central Library | 40.00 | KBD/2016-2017/960342808 | 628.1 MA-W | 33912 | 08/17/2023 | 08/17/2023 | Book | ||||||||
| MRSPTU Central Library | MRSPTU Central Library | 40.00 | KBD/2016-2017/960342808 | 628.1 MA-W | 33913 | 08/17/2023 | 08/17/2023 | Book | ||||||||
| MRSPTU Central Library | MRSPTU Central Library | 40.00 | KBD/2016-2017/960342808 | 628.1 MA-W | 33914 | 08/17/2023 | 08/17/2023 | Book | ||||||||
| MRSPTU Central Library | MRSPTU Central Library | 40.00 | KBD/2016-2017/960342808 | 628.1 MA-W | 33915 | 08/17/2023 | 08/17/2023 | Book |
